Financování projektu Jak připravit a hodnotit podnikatelské projekty. 5
Finančné zdroje potrebné na pokrytie investičných výdavkov projektu. Vlastné zdroje (vlastný kapitál) a cudzie zdroje (cudzí kapitál). Štruktúra kapitálu a jej vplyv na ekonomickú efektívnosť projektu - nákladovosť kapitálu. Vplyv štruktúry kapitálu na finančnú stabilitu projektu. Dlhodobý a krátkod...
Salvato in:
| Autore principale: | |
|---|---|
| Natura: | Capitolo di libro |
| Lingua: | ceco |
| Soggetti: | |
| Tags: |
Nessun Tag, puoi essere il primo ad aggiungerne!!
|
MARC
| LEADER | 00000naa a2200000 4500 | ||
|---|---|---|---|
| 001 | r020195 | ||
| 005 | 20230920091641.5 | ||
| 041 | 0 | |a cze | |
| 044 | |a CZ | ||
| 245 | 1 | 0 | |a Financování projektu |b Jak připravit a hodnotit podnikatelské projekty. 5 |c J. Fotr |
| 520 | |a Finančné zdroje potrebné na pokrytie investičných výdavkov projektu. Vlastné zdroje (vlastný kapitál) a cudzie zdroje (cudzí kapitál). Štruktúra kapitálu a jej vplyv na ekonomickú efektívnosť projektu - nákladovosť kapitálu. Vplyv štruktúry kapitálu na finančnú stabilitu projektu. Dlhodobý a krátkodobý cudzí kapitál. | ||
| 610 | 2 | 0 | |a podnik |
| 610 | 2 | 0 | |a podnikanie |
| 610 | 2 | 0 | |a projekty |
| 610 | 2 | 0 | |a financovanie projektové |
| 610 | 2 | 0 | |a kapitál cudzí |
| 610 | 2 | 0 | |a kapitál vlastný |
| 610 | 2 | 0 | |a efektívnosť ekonomická |
| 610 | 2 | 0 | |a štruktúra kapitálová |
| 100 | 1 | |a Fotr, J. | |